000 01167nam a22003497a 4500
003 CHAP
005 20220329140323.0
008 971013s1955 r 00010 d
010 _a50334
011 _a51306
035 _a55456
040 _cCHAP
082 _a506.9
_bP5
100 0 0 _aPisarzhevski, Oleg N.
_988530
245 _aDimitri Ivanovich Mendeleiev
_b: su vida y su obra
260 _aMoscú :
_bEd. en Lenguas Extranjeras,
_c1955
300 _a108 p.
_b: ilus.
490 _aGrandes figuras de la ciencia rusa
590 _aBATCH-UPD
_b10
_c20130110
_lUCH01
_h0349
590 _aBATCH-UPD
_b10
_c20130110
_lUCH01
_h2311
590 _aBATCH-UPD
_b10
_c20130410
_lUCH01
_h0023
590 _aBATCH-UPD
_b10
_c20130410
_lUCH01
_h1602
590 _aBATCH-UPD
_b10
_c20130914
_lUCH01
_h0939
590 _aCONVERSION
_b10
_c20130109
_lUCH01
_h1327
650 1 4 _aCientíficos soviéticos.
_923261
650 1 4 _aMendeleiev, Dimitri Ivanovich.
_974564
650 1 4 _aQuímicos soviéticos.
_993608
830 0 _aGrandes figuras de la ciencia rusa
_950371
901 _aBK
942 _cLIBRO
949 _a506.9 P5
_bBC
_cLIBRO
_d33724000135257
_eLIBRO
_h43228
_i55456
_mD
_si
999 _c50334
_d50334